| 000 | 00770cam a2200253 a 4500 | ||
|---|---|---|---|
| 008 | |||
| 020 | _a0273651382 (pbk.) | ||
| 049 | _aMAIN | ||
| 090 |
_aHG4026 _bPIK |
||
| 100 | 1 | _aPike, Richard. | |
| 245 | 1 | 0 |
_aCorporate finance and investment : _bdecisions and strategies / _cRichard Pike and Bill Neale. |
| 250 | _a4th ed. | ||
| 260 |
_aHarlow : _bPrentice Hall, _c2003. |
||
| 300 |
_axxviii, 883 p. : _bill. ; _c25 cm. |
||
| 504 | _aIncludes bibliographical references. | ||
| 500 | _aIncludes index. | ||
| 650 | 0 |
_aCorporations _zGreat Britain _xFinance. |
|
| 700 | 1 | _aNeale, Bill. | |
| 907 |
_a.b10280339 _b06-12-11 _c12-08-10 |
||
| 003 | |||
| 005 | 20230123125032.0 | ||
| 040 | _cNUST | ||
| 942 |
_cBOOKS _kHG4026 _mPIK |
||
| 999 |
_c134571 _d134571 |
||